000
00204nam a22000857a 4500
008
170131b xxu||||| |||| 00| 0 eng d
100
_9
2688
_a
Vriesenga.D.
245
_a
Life Science-5-8
260
_a
USA
_b
CD
_c
1990
999
_c
5849
_d
5849